banner-ar

GEOGRAPHY AS SOCIAL SCIENCE / (Record no. 13245)

MARC details
000 -الفاتح
حقل البيانات ثابتة الطول 00447nam a2200169Ia 4500
008 - عناصر البيانات ثابتة الطول - معلومات عامة
حقل البيانات ثابتة الطول 140319s9999 xx 000 0 eng d
040 ## - مصدر الفهرسة
وكالة الفهرسة الأصلية GCL /
وكالة النسخ GCL
082 04 - رقم تصنيف ديوى العشرى
رقم التصنيف 301.29
رقم المادة F G
100 1# - المدخل الرئيسى - إسم شخصى
الإسم الشخصى FILDING, GORDON
245 10 - بيان العنوان
العنوان GEOGRAPHY AS SOCIAL SCIENCE /
بيان المسئوليه,etc FILDING, GORDON
260 ## - PUBLICATION, DISTRIBUTION, ETC. (IMPRINT)
تاريخ النشر أو التوزيع 1974
300 ## - الوصف المادى
التعداد 336
650 04 - المدخل الاضافى بالموضوع-مصطلح موضوعى
مصطلح موضوعي SOCIAL ASPECTS
650 04 - المدخل الاضافى بالموضوع-مصطلح موضوعى
مصطلح موضوعي ANTHROPO - GEOGRAPHY
942 ## - عناصر المدخل الإضافي( كوها)
مصدر التصنيف او مخطط الترفيف Dewey Decimal Classification
Koha [default] item type كتاب
260 ## - PUBLICATION, DISTRIBUTION, ETC. (IMPRINT)
-- [S.N] :
-- HARPERA ROW,PUBLISHERS ،
Holdings
حالة التراجع حالة الفقد حالة تلف ليس للاعارة المكان المؤقت الموقع الحالى تاريخ الاكتساب اجمالي اﻻعارات رقم الطلب الباركود تاريخ اخر مشاهدة تاريخ تفعيل السعر نوع وعاء كوها
        مكتبة القاهرة الكبرى مكتبة القاهرة الكبرى 03/26/2014   301.29\F G 25458 03/26/2014 03/26/2014 كتاب

Powered By

EGPV